| 000 | 00372nam a2200145Ia 4500 | ||
|---|---|---|---|
| 008 | 150201s2003 xx 000 0 und d | ||
| 082 |
_a611.0183 _bH2003G |
||
| 100 | _aGARG KRISHANA | ||
| 245 | 2 | _aA TEXT BOOK OF HISTOLOGY | |
| 250 | _a1ST | ||
| 260 |
_bC.B.S PUBLISHERS & DISTRIBUTERS _aDELHI _c2003 |
||
| 300 | _a1-184 | ||
| 650 | _aHUMAN HISTOLOGY | ||
| 942 |
_2ddc _cBK _01 |
||
| 999 |
_c2925 _d2925 |
||